LEADER 00860nam a2200205 4500 001 000000366983 003 CaOOAMICUS 005 20260323162326.0 008 260323s1932 it 000 u ita r 040 $aSeMil$bita 100 1 $aGiustiniani, Lorenzo,$c.$0(OLS)http://semarc/name/10349 245 15$a2: L'Eucaristia /$c[S. Lorenzo Giustiniani]. 264 1$aVenezia :$bLibreria Emiliana,$c1932. 300 $a64 p. ;$c17 cm 773 0 $aGiustiniani, Lorenzo $tMistico veneziano.$dVenezia : Libreria Emiliana, 1932.$w()366982 850 $aSeMil 852 $aSeMil$W1$xVenegono$y1$m5C IX 2/17$j268862$B257724$CSeMilBibl$Z2$F257724 $8M 996 $6245$a2: L'Eucaristia$9(OLS)http://semarc/title/458797 996 $6264$aVenezia :$bLibreria Emiliana$9(OLS)http://semarc/publisher/30736